Protektorát Čechy a Morava

Titel: Protektorát Čechy a Morava : státoprávní a politické aspekty nacistického okupačního režimu v českých zemích ; 1939 - 1945 / Pavel Maršálek
Verfasser:
Ausgabe: Vyd. 1.
Veröffentlicht: Praha : Karolinum, 2002
Umfang: 347 S.
Format: Buch
Sprache: Tschechisch
RVK-Notation:
Schlagworte:
ISBN: 8024603020
Buchumschlag
X
Lokale Klassifikation: 22 7 N ; 22 12 G
alg: 10557594
001A    $03004:10-07-02 
001B    $01999:19-05-23 $t21:39:22.000 
001C    $03004:17-11-06 $t11:41:44.000 
001D    $03004:10-07-02 
001U    $0utf8 
001X    $00 
002@    $0Aau 
003@    $0105575941 
003O    $051190875 $aOCoLC 
004A    $080-246-0302-0 
007A    $0105575941 $aHEB 
007T    $0Herdp08347 
010@    $acze 
011@    $a2002 
013H    $0z 
021A    $aProtektorát Čechy a Morava $dstátoprávní a politické aspekty nacistického okupačního režimu v českých zemích ; 1939 - 1945 $hPavel Maršálek 
028A    $7124806406 $8Maršálek, Pavel$Z1970- [Tp3] $9155418726 
032@    $aVyd. 1. 
033A    $pPraha $nKarolinum 
034D    $a347 S. 
039U    $8--Aox--Küpper, René. Maršálek, Pavel, 1970-. Protektorát Čechy a Morava. - Praha : Karolinum. -  2002 [Rezension], 2004 $9394834372 
039U    $8--Oox--Küpper, René. Maršálek, Pavel, 1970-. Protektorát Čechy a Morava. - Praha : Karolinum. -  2002 [Rezension], 2004 $9394906748 
039U    $8--Aox--Janák, Jan. Maršálek, Pavel, 1970-. Protektorát Čechy a Morava. - Praha : Karolinum. -  2002 [Rezension], 2003 $9395183979 
044K    $RStaat $RStaatsform $RHerrschaftssystem $#Régimes politiques $#political systems $#Politisches System $#politisches System $#Politisches System $#Regierungssystem $#Regierungsform $#Regierungssystem $74046584-6 $8Politisches System [Ts1] $9085130036 
044K    $RSein $74020588-5 $8Gesellschaft [Tsz] $9085049611 
044K    $RTschechien $RBöhmen $RTschechoslowakei $#Böhmen und Mähren Protektorat $#Reichsprotektorat Böhmen und Mähren $#Protektorát Čechy a Morava $74076390-0 $8Protektorat Böhmen und Mähren [Tg1] $9085216569 
044K    $RÖffentliches Recht $RVerfassungsrecht $#Staatsrecht $#Staatsrecht $74056666-3 $8Staatsrecht [Ts1] $9085157775 
045F    $a900.943709043 $eDDC23BSB 
045F/01 $a900 
045F/03 $f09043 
045F/03 $f09044 
045F/03 $g437 
045F/03 $g4371 
045G    $a340.09 $eDDC23BSB 
045G/01 $a340.09 
045G/03 $f0904 
045G/03 $g437 
045R    $aGeschichte 
045Z    $8KS 1017 [Tkv] $9409311952 
045Z    $8NQ 4675 [Tkv] $9410914789 

lok: 10557594 24
101B    $005-12-02 $t18:47:32.163 
101C    $010-07-02 
145Z/01 $a22 7 N 
145Z/02 $a22 12 G 
101U    $0utf8 

exp: 10557594 24 1 #EPN
201B/01 $018-12-02 $t03:35:46.532 
201C/01 $010-07-02 
203@/01 $0172748518 
208@/01 $a10-07-02 $bz 
209A/01 $a02.1997 $du $f050 $h02 1997 $x00 
209C/01 $a02.1997 K $h02 1997 K 
209G/01 $a70477556 $x00 
247C/01 $8358050-7 Marburg, Bibliothek des Herder-Instituts Marburg $9102600961 
201U/01 $0utf8 

lok: 10557594 25

exp: 10557594 25 1 #EPN
201B/01 $016-12-25 $t11:15:24.000 
201C/01 $030-06-09 
201U/01 $0utf8 
203@/01 $0576683566 
208@/01 $a30-06-09 $bzis 
209A/01 $aQe 2488 $dd $f092 $x00 
209C/01 $a528/02 
209G/01 $a76383399 $x00 
209G/01 $aOsteuropäische Geschichte $x01 
247C/01 $8651092-9 <77/092>Mainz, Universität Mainz, Bereichsbibliothek Philosophicum, Standort Osteuropäische Geschichte $9102600414 

lok: 10557594 78

exp: 10557594 78 1 #EPN
201B/01 $012-06-18 $t22:54:24.000 
201U/01 $0utf8 
203@/01 $0792062604 
208@/01 $a12-11-16 $be 
209A/01 $a/ $f000 $x00 
220C/01 $aTitelaufnehmer: rb 
220C/01 $aHerkunft: HÚ AV ČR Praha 
237A/01 $aněm. res. 319-324: Das Protektorat Böhmen und Mähren. Staatstechtliche und politische Aspekte des nazistischen Okkupationsregimes in den böhmischen Ländern. - weiterführende Signatur(en):  02.1997 
244Z/01 $#Tschechien $#Tschechische Republik $#Tschechien $#Tschechische Republik $#Tschechenland $#Tschechei Tschechien $#Česká Republika $#Czech Republic $#ČR $74303381-7 $8--Tg1--Tschechien $x01 $9086659812 
244Z/01 $2Trx $#Böhmen $#Bohemia $#Czechy $8--Trx--Čechy $x02 $9391188941 
244Z/01 $#Böhmen und Mähren Protektorat $#Reichsprotektorat Böhmen und Mähren $#Protektorát Čechy a Morava $74076390-0 $8--Tg1--Protektorat Böhmen und Mähren $x03 $9085216569 
244Z/01 $aGeschichte 1939-1945 $x04 
244Z/01 $2Trx $#okupatsioonipoliitika, rahvussotsiaalne 1938-1945 $#fašistinė okupacinė politika 1938-1945 $#National-Socialist policies of occupation 1938-1945 $#megszállási politika, nemzetiszocialista $#okupacja hitlerowska 1938-1945 $#politika okupačná, nacistická 1938-1945 $#politika okupační, nacistická 1938-1945 $#polityka okupacyjna, hitlerowska 1938-1945 $8--Trx--Besatzungspolitik, nationalsozialistische$g1938-1945 $x05 $9391382608 
244Z/01 $2Trx $#valitsus, riiklik $#valstybės valdymas $#Administration, state $#közigazgatás, állami $#administracja państwowa $#správa štátna $#správa státní $#Kreise $#Regierungsbezirke $#Wojewodschaften $#powiaty $#województwa $#gminy $#okresy $#vládne obvody $8--Trx--Verwaltung, staatliche $x06 $9391356488 
244Z/01 $2Trx $8--Trx--Monographie $x07 $9391384546 
245Z/01 $a06.04.03 $x01 
247C/01 $82080>Marburg/Lahn, Herder-Institut, Forschungsbibliothek, Bibliographieportal $9336309341
LEADER 00000cam a2200000 c 4500
001 105575941
003 DE-603
005 20230519213922.0
007 tu
008 020710s2002 xx |||| | u00||u|cze c
020 |a 8024603020 
035 |a (DE-599)HEB105575941 
035 |a (OCoLC)51190875 
040 |a DE-603  |b ger  |c DE-603  |d DE-603 
041 |a cze 
082 0 4 |8 1\u  |a 900.943709043  |q DE-101  |2 23/BSB 
083 0 |8 2\u  |a 340.09  |q DE-101  |2 23/BSB 
084 |a KS 1017  |0 (DE-625)83733:  |0 (DE-603)409311952  |2 rvk 
084 |a NQ 4675  |0 (DE-625)128507:  |0 (DE-603)410914789  |2 rvk 
085 |8 1\u  |b 900 
085 |8 1\u  |z 1  |s 09043 
085 |8 1\u  |z 1  |s 09044 
085 |8 1\u  |z 2  |s 437 
085 |8 1\u  |z 2  |s 4371 
085 |8 2\u  |b 340.09 
085 |8 2\u  |z 1  |s 0904 
085 |8 2\u  |z 2  |s 437 
100 1 |a Maršálek, Pavel  |d 1970-  |0 (DE-603)155418726  |0 (DE-588)124806406  |2 gnd 
245 0 0 |a Protektorát Čechy a Morava  |b státoprávní a politické aspekty nacistického okupačního režimu v českých zemích ; 1939 - 1945  |c Pavel Maršálek 
250 |a Vyd. 1. 
264 1 |a Praha  |b Karolinum  |c 2002 
300 |a 347 S. 
648 7 |a Geschichte  |2 gnd 
650 7 |a Politisches System  |0 (DE-588)4046584-6  |0 (DE-603)085130036  |2 gnd 
650 7 |a Gesellschaft  |0 (DE-588)4020588-5  |0 (DE-603)085049611  |2 gnd 
650 7 |a Staatsrecht  |0 (DE-588)4056666-3  |0 (DE-603)085157775  |2 gnd 
651 7 |a Protektorat Böhmen und Mähren  |0 (DE-588)4076390-0  |0 (DE-603)085216569  |2 gnd 
787 0 8 |i Rezensiert in  |a Küpper, René  |t Maršálek, Pavel, 1970-. Protektorát Čechy a Morava. - Praha : Karolinum. - 2002 [Rezension]  |w (DE-603)394834372 
787 0 8 |i Rezensiert in  |a Küpper, René  |t Maršálek, Pavel, 1970-. Protektorát Čechy a Morava. - Praha : Karolinum. - 2002 [Rezension]  |w (DE-603)394906748 
787 0 8 |i Rezensiert in  |a Janák, Jan  |t Maršálek, Pavel, 1970-. Protektorát Čechy a Morava. - Praha : Karolinum. - 2002 [Rezension]  |w (DE-603)395183979 
924 0 |9 Mb 50  |a (DE-603)172748518  |b DE-Mb50  |c HES  |d c  |g 02.1997 
924 0 |9 77/092  |a (DE-603)576683566  |b DE-77-092  |c HES  |d d  |g Qe 2488 
924 0 |9 2080  |a (DE-603)792062604  |b DE-2080  |c HES  |d d  |g /